[Event "Marburg op"]
[Site "Marburg"]
[Date "2024.10.25"]
[Round "3"]
[White "Neumark, Thomas"]
[Black "Paschkewitz, Stefan"]
[Result "1-0"]
[WhiteElo "2256"]
[BlackElo "1900"]
[PlyCount "89"]
[EventDate "2024.10.24"]
[EventType "swiss"]
[EventRounds "7"]
[EventCountry "GER"]
[SourceTitle "CB16_2025"]
[SourceDate "2025.04.16"]
[SourceVersion "1"]
[SourceVersionDate "2025.04.16"]
[SourceQuality "1"]

1. e4 Nf6 2. Nc3 d5 3. e5 Nfd7 4. d4 c5 5. Nf3 e6 6. Bb5 Nc6 7. Bxc6 bxc6 8. dxc5 Bxc5 9. 0-0 0-0 10. Na4 Be7 11. b3 Nb6 12. Nxb6 axb6 13. a3 c5 14. c3 f6 15. Re1 fxe5 16. Nxe5 Bd6 17. Qe2 Rf5 18. f4 Bxe5 19. fxe5 Ba6 20. Qg4 Ra7 21. h4 Raf7 22. Bg5 Qf8 23. h5 Bd3 24. h6 Rf1+ 25. Rxf1 Rxf1+ 26. Rxf1 Qxf1+ 27. Kh2 Bf5 28. Qa4 Bg6 29. Qa7 Qf8 30. Qxb6 Bf5 31. Be3 Qe8 32. Kg1 c4 33. Qc7 Qf7 34. Qd8+ Qf8 35. Qxf8+ Kxf8 36. b4 gxh6 37. a4 Ke7 38. a5 Kd7 39. a6 Kc7 40. Ba7 Kc6 41. Bd4 Bg6 42. b5+ Kc7 43. b6+ Kc6 44. b7 Kc7 45. Ba7 1-0

[Event "Marburg op-A"]
[Site "Marburg"]
[Date "2023.10.29"]
[Round "6"]
[White "Paschkewitz, Stefan"]
[Black "Petrik, Matus"]
[Result "1-0"]
[WhiteElo "1856"]
[BlackElo "1614"]
[PlyCount "77"]
[EventDate "2023.10.26"]
[EventType "swiss"]
[EventRounds "7"]
[EventCountry "GER"]
[SourceTitle "CBM 217 Extra"]
[Source "ChessBase"]
[SourceDate "2024.01.31"]
[SourceVersion "1"]
[SourceVersionDate "2024.01.31"]
[SourceQuality "1"]

1. Nf3 Nf6 2. g3 c5 3. c4 Nc6 4. Bg2 g6 5. 0-0 Bg7 6. Nc3 0-0 7. a3 d6 8. Rb1 Be6 9. d3 Qc8 10. b4 Bh3 11. b5 Bxg2 12. Kxg2 Nd8 13. Bd2 Qd7 14. Qb3 Ne6 15. a4 b6 16. a5 Qb7 17. e4 Nd7 18. Nd5 Ne5 19. Nxe5 Bxe5 20. Bc3 Nd4 21. Qb2 e6 22. Ne3 bxa5 23. Ra1 f5 24. f3 fxe4 25. fxe4 Rxf1 26. Rxf1 a4 27. Qf2 Bg7 28. Qa2 Rf8 29. Rxf8+ Kxf8 30. Qxa4 Qf7 31. Qd1 h5 32. h4 Ke8 33. Nf1 Be5 34. Nd2 Qf6 35. Bxd4 Bxd4 36. Nf3 Be3 37. Qe2 Bc1 38. e5 Qe7 39. Qe4 1-0

[Event "Marburg op-A"]
[Site "Marburg"]
[Date "2023.10.27"]
[Round "3"]
[White "Paschke, Gerd"]
[Black "Paschkewitz, Stefan"]
[Result "0-1"]
[WhiteElo "1696"]
[BlackElo "1856"]
[PlyCount "158"]
[EventDate "2023.10.26"]
[EventType "swiss"]
[EventRounds "7"]
[EventCountry "GER"]
[SourceTitle "CBM 217 Extra"]
[Source "ChessBase"]
[SourceDate "2024.01.31"]
[SourceVersion "1"]
[SourceVersionDate "2024.01.31"]
[SourceQuality "1"]

1. e4 Nf6 2. Bc4 Nxe4 3. Bxf7+ Kxf7 4. Qh5+ g6 5. Qd5+ e6 6. Qxe4 Bg7 7. Nf3 Nc6 8. d4 Qf6 9. c3 Qf5 10. Qe2 Re8 11. 0-0 b6 12. Ng5+ Kg8 13. g4 Qd5 14. f3 h6 15. Ne4 Rf8 16. Be3 e5 17. c4 Nxd4 18. cxd5 Nxe2+ 19. Kf2 Nf4 20. Rd1 Bb7 21. Nbc3 d6 22. Rab1 Rf7 23. Kg3 Raf8 24. Bxf4 Rxf4 25. Rf1 Ba6 26. Rf2 R8f7 27. b4 Bc4 28. a4 a6 29. b5 Rf8 30. Rb4 axb5 31. axb5 Bd3 32. Rb3 Ra8 33. Ne2 Bxe2 34. Rxe2 Bf6 35. Rc2 Bd8 36. Rcc3 Ra5 37. h4 Kf8 38. g5 h5 39. Rc2 Ke8 40. Rcb2 Kd7 41. Rb1 Be7 42. Rc1 Rf8 43. Rbc3 Rc8 44. Rb3 Rca8 45. Rcb1 Ra4 46. Rb4 Ra3 47. R4b3 Rxb3 48. Rxb3 Ra4 49. Rd3 Rb4 50. Nc3 Bf8 51. Re3 Bg7 52. Re4 Rb3 53. Rc4 e4 54. Nxe4 Rxb5 55. Nf6+ Bxf6 56. gxf6 Rxd5 57. Re4 Rf5 58. Re7+ Kd8 59. Rf7 b5 60. Kf2 b4 61. Ke3 b3 62. Rf8+ Kd7 63. Rb8 Rxf6 64. Rxb3 c5 65. f4 Ke6 66. Ke4 d5+ 67. Kf3 c4 68. Rb6+ Kf5 69. Rb5 Rd6 70. Rc5 Ke6 71. Rc7 Ra6 72. Ke2 Kd6 73. Rc8 Rc6 74. Rd8+ Kc5 75. Ke3 Re6+ 76. Kd2 Kd4 77. Rf8 c3+ 78. Kd1 Kd3 79. f5 c2+ 0-1

[Event "Suedwestfalen-ch U18"]
[Site "Hagen"]
[Date "2002.03.24"]
[Round "2"]
[White "Wrede, Stefan"]
[Black "Paschkewitz, Stefan"]
[Result "1-0"]
[WhiteElo "1961"]
[BlackElo "1516"]
[PlyCount "53"]
[EventDate "2002.03.??"]
[EventType "tourn"]
[EventRounds "7"]
[EventCountry "GER"]
[SourceTitle "EXT 2003"]
[Source "ChessBase"]
[SourceDate "2002.11.25"]
[SourceVersion "1"]
[SourceVersionDate "2002.11.25"]
[SourceQuality "1"]

1. c4 Nc6 2. g3 d6 3. Bg2 Bd7 4. Nf3 g6 5. 0-0 Bg7 6. d4 e6 7. Nc3 Nge7 8. e4 0-0 9. Be3 f5 10. Qd2 fxe4 11. Nxe4 Nf5 12. Rac1 Nxe3 13. fxe3 d5 14. Nc5 b6 15. Nxd7 Qxd7 16. Qc3 Ne7 17. cxd5 Nxd5 18. Qb3 Rac8 19. e4 Ne7 20. Bh3 Bxd4+ 21. Kg2 Rf6 22. Nxd4 Qxd4 23. Rxf6 Qd2+ 24. Rf2 Qxc1 25. Qxe6+ Kh8 26. Qf6+ Kg8 27. Be6# 1-0